[Event "Fremont Weibel tt"]
[Site "Fremont"]
[Date "2006.02.17"]
[Round "?"]
[White "Kumar, Aditya"]
[Black "Tu, Jonathan"]
[Result "0-1"]
[WhiteElo "1019"]
[BlackElo "1053"]
[PlyCount "56"]
[EventDate "2006.01.06"]
[EventType "team"]
[EventRounds "5"]
[EventCountry "USA"]
[SourceTitle "EXT 2009"]
[Source "ChessBase"]
[SourceDate "2008.11.26"]
[SourceVersion "1"]
[SourceVersionDate "2008.11.26"]
[SourceQuality "1"]

1. d4 d5 2. c4 e5 3. dxe5 d4 4. a3 Nc6 5. Nf3 f6 6. e4 Be6 7. exf6 Nxf6 8. Bg5 Be7 9. e5 Ng4 10. Bxe7 Qxe7 11. Qe2 0-0-0 12. g3 d3 13. Qd2 Ngxe5 14. Nxe5 Nxe5 15. Qa5 Kb8 16. Qxe5 Rhe8 17. Bg2 Bxc4 18. Qxe7 Rxe7+ 19. Kd2 Re2+ 20. Kc3 b5 21. Rf1 d2 22. Rd1 Rd3+ 23. Kc2 Rxf2 24. Be4 Re3 25. Nxd2 Rxe4 26. Kc3 Re3+ 27. Kc2 Bb3+ 28. Kc1 Bxd1 0-1

[Event "Fremont Weibel Quads 3"]
[Site "Fremont"]
[Date "2004.10.24"]
[Round "1"]
[White "Phan, Irene"]
[Black "Tu, Jonathan"]
[Result "0-1"]
[WhiteElo "628"]
[BlackElo "602"]
[PlyCount "46"]
[EventDate "2004.10.24"]
[EventType "swiss"]
[EventRounds "3"]
[EventCountry "USA"]
[SourceTitle "EXT 2009"]
[Source "ChessBase"]
[SourceDate "2008.11.26"]
[SourceVersion "1"]
[SourceVersionDate "2008.11.26"]
[SourceQuality "1"]

1. e4 e5 2. Nf3 Nc6 3. Nc3 Nf6 4. d3 h6 5. Be3 Bc5 6. Bxc5 d6 7. Be3 Bg4 8. h3 Bh5 9. g4 Bg6 10. h4 Nxg4 11. Bd2 Bh5 12. Rg1 Nf6 13. Bh3 Nd4 14. Be3 Nxf3+ 15. Kf1 Nxg1 16. Qd2 Nxh3 17. Re1 0-0 18. f3 Ng4 19. Ne2 Nh2+ 20. Kg2 Qxh4 21. Kxh2 Nf2+ 22. Kg2 Ng4 23. Rf1 Qh2# 0-1